000 00940ntm a2200229 a 4500
003 BD-RjUL
005 20250709114514.0
008 250709s2024 bg a|||| m||| 00| 0 eng d
035 _a(BD-RjUL)
040 _aBD-RjUL
_beng
_cBD-RjUL
_dBD-RjUL
041 _aeng
082 _223
_a333.9115095492
_bKHF 2024
100 _a Khan, Md. Shohel
_915942
245 1 0 _aFresh water management in south western coastal Bangladesh :
_bquality and livelihoods strategies /
_cby Md. Shohel Khan ;
_6Suvervisor : Shitangsu Kumar Paul
260 _aRajshahi :
_bInstitute of Bangladesh Studies, University of Rajshahi,
_c2024
300 _axxv, 273, 151 pages :
_billustrations ;
_c29 cm.
502 _aThesis (Ph.D.) -- Institute of Bangladesh Studies, University of Rajshahi, 2024
504 _aIncludes Bibliography
650 _aFresh water
_zBangladesh
_xManagement.
_915946
700 _a Paul, Shitangsu Kumar Suvervisor
_9633
942 _2ddc
_cTHE
999 _c85155
_d85155